[Event "Norway Chess 3rd"]
[Site "Stavanger"]
[Date "2015.06.23"]
[Round "7"]
[White "Nakamura, Hikaru"]
[Black "Grischuk, Alexander"]
[Result "1/2-1/2"]
[WhiteElo "2802"]
[BlackElo "2781"]
[Annotator "Sagar Shah"]
[PlyCount "80"]
[EventDate "2015.06.16"]
[EventType "tourn"]
[EventRounds "9"]
[EventCountry "NOR"]
[EventCategory "22"]
[SourceTitle "CBM 167"]
[Source "ChessBase"]
[SourceDate "2015.07.13"]
[SourceVersion "1"]
[SourceVersionDate "2015.07.13"]
[SourceQuality "1"]

1. c4 c5 2. Nf3 Nc6 3. Nc3 e5 {This line which is the beginning of the
Botvinnik setup with the black pieces is one of Grischuk's favourites. He has
great knowledge in it and has pretty good results as well.} 4. g3 g6 5. Bg2 Bg7
6. a3 (6. O-O Nge7 7. a3 {is the more common move order.}) 6... Nge7 $1 {
The accurate move order.} (6... d6 $6 7. O-O Nge7 8. b4 $1 {White has been
scoring excellently from this position. Hence, it makes sense to not waste a
move early on with d7-d6 as sometimes it's useful to play d7-d5 in one go as
we shall in the upcoming variations.}) 7. O-O (7. b4 d5 $1 {This shows the
importance of not wasting a tempo on the move d6 and instead making the more
useful move Nge7.} (7... e4 8. Ng5 f5 9. bxc5 $14) 8. bxc5 (8. cxd5 Nxd5 9. Ng5
(9. Nxd5 Qxd5 $15) 9... Nc7 $11) 8... dxc4 (8... d4 $2 9. Ne4 $16) 9. Qa4 Qa5
10. Qxc4 Be6 11. Qe4 f5 12. Qc2 e4 $36) 7... O-O 8. Ne1 (8. Rb1 a5 (8... d5 $5
{This is an interesting line which hasn't been tried much. I feel that this
could be a nice surprise weapon.} 9. cxd5 Nxd5 10. Nxe5 (10. Nxd5 Qxd5 11. d3
Qd6 $11 {Black should be doing well here.}) 10... Nxc3 11. Nxc6 Nxe2+ 12. Qxe2
bxc6 $11 {and now taking the c6-pawn is bad due to Bf5 and Black should be
able to equalise without much difficulty.}) 9. Ne1 {is the more normal way to
play. In general, I have a feeling that inserting Rb1 and a5 is to White's
advantage because the weakness of the b5-square might someday prove useful to
White.}) (8. d3 $6 d6 9. Ne1 Be6 10. Nc2 d5 11. cxd5 Nxd5 12. Ne3 Nde7 $11 {
gives Black a very fine position and shows why d3 is not such an important
move.}) 8... d6 9. Nc2 Be6 10. Ne3 {White is just in time to prevent the
d5-break.} Qd7 11. d3 Bh3 {If White doesn't try to play with ideas related to
early Rb1 and b4 in this line, I feel that Black has absolutely no problems to
equalise as Grischuk proves in the game.} 12. Rb1 Bxg2 13. Kxg2 f5 14. Ned5 (
14. b4 {This at least puts some pressure on White.} b6 {might be the best way
to play.} (14... f4 15. Ned5 Nxd5 16. Nxd5 Ne7 17. Nc3 $1 {White has some edge
as his knight can settle on the e4 square.} Nf5 18. bxc5 dxc5 19. Ne4 $14) 15.
Qa4 Qb7 16. bxc5 dxc5 17. Ned5 Nd4 18. e3 Ne6 19. f3 Rad8 20. Nxe7+ Qxe7 21.
Nd5 $14) 14... Nxd5 15. Nxd5 Ne7 16. Nc3 {Keeping the knights is a good
decision by Nakamura. In this way he always forces the black knight to play a
somewhat passive role of defending the d5-square.} h5 $5 {An interesting idea
by Grischuk. He wants to do something active and would not like to weaken the
e4-square with f4. Hence, this idea of playing h5-h4. But in the process he
does weaken the g5-square to some extent, which can be used by the bishop. How
about trying for d5 in this position?} ({An immediate ...d5 is not possible:} 
16... d5 $6 17. cxd5 Nxd5 18. Qb3 Rad8 19. e4 $18) (16... Kh8 17. Bd2 d5 {
Nothing could be more natural than this but White has a strong move in} 18. Qa4
$5 Qd8 {might be the lesser evil but after} (18... Qxa4 19. Nxa4 b6 20. b4 $14
{Is just the type of position which is the most unpleasant to play. White has
a nagging pressure and Black has no counterplay.}) 19. Bg5 Bf6 20. Bxf6+ Rxf6
21. e4 $5 (21. cxd5 Nxd5 22. Rfc1 Rc6 {should lead to equality.}) 21... d4 22.
Nd5 Nxd5 23. exd5 $14 {when White has this nagging pressure on the position.})
(16... h6 {Trying to control the important square on g5, tuck the king safely
on h7 and then go for d5 looks like a very decent plan. It's just that White
plays b4 and then we have to change our plans to some extent.} 17. b4 b6 18.
Bd2 e4 $1 {A very strong undermining move.} 19. dxe4 Qe6 $1 {An equally
unusual follow up.} 20. exf5 Qxc4 21. Qb3 Qxb3 22. Rxb3 Nxf5 $11 {Black has no
problems.}) 17. b4 (17. Bg5 $5 {Why not this natural move getting rid of the
guardian of the d5-square?} Bf6 {Of course this is much better than ceding the
d5-square.} 18. Bxf6 (18. Qd2 d5 $1 19. Bxf6 Rxf6 20. cxd5 Nxd5 $11) 18... Rxf6
19. b4 b6 {The question has to be asked at this point whether I would prefer
my pawn to be on h6 or h5. And I must say that Grischuk's idea with h5 looks
pretty interesting now that we can go Kg7, Rh8 followed by h5-h4.} 20. Qd2 Kg7
21. bxc5 dxc5 22. a4 h4 23. a5 Rh8 24. axb6 axb6 $132 {Black has excellent
counterplay on the kingside.}) 17... Rf7 (17... b6 {was also possible.}) (17...
e4 18. Qc2 $14) 18. f3 e4 $1 {Grischuk is alert and immediately takes the
opportunity for a central break. The move f3 makes it a well timed break.} (
18... cxb4 19. axb4 d5 {Now the the rook has block the a2-g8 diagonal this
central break becomes possible but after} 20. Bg5 d4 21. Qa4 $1 (21. Bxe7 dxc3
$1 $15) 21... Qxa4 (21... Qe6 22. Nb5 Nc6 23. c5 $14 {[%cal Gb5a3,Ga3c4]}) 22.
Nxa4 $14 {White has some pressure and good chances to create a queenside
passer.}) 19. Bb2 (19. Qc2 exf3+ 20. exf3 Nc6 $11) 19... exf3+ 20. Rxf3 Re8 {
Black looks very comfortable and I might even prefer playing the black pieces
here.} 21. bxc5 dxc5 22. Qd2 Qe6 23. Re1 Nc6 24. Nd5 Bxb2 25. Qxb2 Nd4 26. Rf2
b5 $1 {Grischuk is trying to create some or the other problems for his
opponent but it's just too dry for a player of Nakamura's class to go wrong.}
27. Qc1 bxc4 28. Qxc4 (28. dxc4 Qe4+ 29. Kg1 Kg7 $17 {followed by the
occupation of the b-file gives Black an excellent position.}) 28... Nc2 {
An elegant simplifying manoeuvre which takes the game closer to its logical
result!} 29. Qxc2 (29. Rc1 $2 Qxd5+ 30. Qxd5 Ne3+ $19) 29... Qxd5+ 30. Kg1 Rfe7
31. Rc1 Re5 32. Qc4 Qxc4 33. Rxc4 Kg7 (33... Rxe2 34. Rxe2 Rxe2 35. Rxc5 $11)
34. e4 fxe4 35. dxe4 Rxe4 36. Rxc5 R8e7 37. Ra5 R4e5 38. Ra6 R5e6 39. Ra5 Re5
40. Ra6 R5e6 {A logical analysis of the game shows the Nakamura with the white
pieces couldn't really put any pressure on Grischuk who seems to be almost
unbeatable in this system.} 1/2-1/2

[Event "Moscow Aeroflot op-A 14th"]
[Site "Moscow"]
[Date "2015.03.30"]
[Round "4"]
[White "Iturrizaga Bonelli, Eduardo"]
[Black "Wagner, Dennis"]
[Result "0-1"]
[WhiteElo "2630"]
[BlackElo "2549"]
[Annotator "Schulz,Andre"]
[PlyCount "52"]
[EventDate "2015.03.27"]
[EventType "swiss"]
[EventRounds "9"]
[EventCountry "RUS"]
[SourceTitle "CBM 166"]
[Source "ChessBase"]
[SourceDate "2015.05.11"]
[SourceVersion "1"]
[SourceVersionDate "2015.05.11"]
[SourceQuality "1"]

1. Nf3 c5 2. c4 Nc6 3. Nc3 g6 4. g3 Bg7 5. Bg2 d6 {Leitet ein interessantes
Konzept ein, um möglichst schnell den Lg2 zu tauschen und vielleicht am
Königsflügel anzugreifen.} 6. a3 Bf5 ({Häufiger sieht man} 6... e5) (6... e6
) (6... Nf6) ({oder} 6... a5) 7. d3 Nf6 ({Oder gleich} 7... Qd7 {wie kürzlich
in Gibraltar gespielt:} 8. h3 h6 9. Rb1 Rb8 10. Bd2 a5 11. Nh4 Be6 12. f4 Nf6
13. e4 Nd4 14. Nf3 O-O 15. Nxd4 cxd4 16. Nb5 d5 17. exd5 Nxd5 18. Qe2 Ne3 19.
Bxe3 dxe3 20. Qxe3 Rbd8 21. Bf1 Bf5 22. Rd1 e5 23. Rh2 Rfe8 24. Re2 exf4 25.
Qxf4 Bxh3 26. Rdd2 Bg4 27. Rxe8+ Rxe8+ 28. Be2 Bh5 29. d4 Qh3 30. Nd6 Re6 31.
c5 f6 32. Qh4 Qg2 33. Rc2 Rxe2+ {0-1 (33) Foisor,C (2390)-Blomqvist,E (2520)
Caleta 2015}) 8. Bd2 (8. Rb1 Qd7 9. h3 Nd4 10. b4 Nxf3+ 11. Bxf3 cxb4 12. Rxb4
Rb8 13. Qb3 Bxh3 14. Rxb7 Rxb7 15. Qxb7 O-O 16. Nb5 Qxb7 17. Bxb7 Rb8 18. Bf3
Bg4 19. Nxa7 Bxf3 20. exf3 Nd7 21. Nc6 Rb1 22. O-O Bf6 23. Be3 Rb3 24. a4 Rxd3
25. a5 Ra3 26. Rb1 Kg7 27. Rb7 Ne5 28. Nxe5 Bxe5 29. Ra7 Bc3 30. a6 e5 31. Kf1
Ra2 32. Ra8 Bd4 33. a7 Bxe3 34. fxe3 h5 35. e4 g5 36. Kg1 Ra1+ 37. Kf2 Ra2+ 38.
Ke3 Ra3+ 39. Ke2 h4 40. gxh4 gxh4 41. Kf2 Ra2+ 42. Kg1 Kf6 43. Kh1 Ke7 44. Kg1
h3 45. Kh1 h2 46. Rc8 Rxa7 47. Kxh2 {1/2-1/2 (47) Breutigam,M (2409)-Plischki,
S (2396) Verden an der Aller 2014}) 8... O-O 9. b4 Qd7 10. h3 (10. O-O Bh3 $11)
10... Nd4 11. Nh4 (11. g4 $5 Be6 12. bxc5 dxc5 13. Rb1) 11... Be6 12. e3 $2 {
Schwächt das Feld d3 und treibt den Springer auf neue Betätigungsgebiete (e5)
.} (12. bxc5 dxc5 13. Rb1 $11) 12... Nc6 $15 {Weiß hat einen Sack voller
Probleme: Der König steht in der Mitte unsicher, der Sh4 ist deplatziert, d3
ist schwach und b4 hängt.} 13. b5 $2 (13. bxc5 dxc5 14. Rb1 {ist nun keine
Option mehr, wegen} Ne5 $19) (13. Rb1 d5 $15) 13... Ne5 14. Qe2 $2 (14. Qc2 g5
15. Nf3 Nxf3+ 16. Bxf3 Bxh3 $15 {mit Bauerngewinn für Schwarz war anscheinend
noch das kleinere Übel.} (16... d5 $5)) 14... g5 ({Sofort} 14... d5 $5 {
mit Ideen wie} 15. cxd5 Nxd5 16. Ne4 Nxe3 17. Qxe3 Nxd3+ $19 {war sehr stark.})
15. Nf3 Nxf3+ 16. Bxf3 d5 (16... Bxh3 $2 17. Bxb7 {bringt nichts ein.}) (16...
a6 $5) 17. h4 $6 (17. g4 $5) 17... g4 18. Bg2 Rad8 19. Rd1 ({Es drohte} 19. Z0
dxc4 20. dxc4 Bxc4 21. Qxc4 Qxd2+) 19... dxc4 20. dxc4 Qd3 21. Qxd3 Rxd3 22.
Bf1 Rd7 23. e4 Rfd8 24. e5 $2 (24. Be2 Rd4 25. Be3 Rxd1+ 26. Bxd1 Bxc4 $19)
24... Nh5 25. Ne4 b6 26. Be2 Bf5 (26... Bf5 27. Nc3 (27. Rg1 Bxe4 28. Bxg4 Bxe5
29. Bxd7 Rxd7 30. Bf4 Bc3+ $19) 27... Bxe5 {mit der Drohung} 28. Z0 Rxd2 29.
Rxd2 Bxc3 $19) 0-1

[Event "Hoogovens-B"]
[Site "Wijk aan Zee"]
[Date "1994.01.??"]
[Round "8"]
[White "Schwartzman, Gabriel"]
[Black "Wojtkiewicz, Aleksander"]
[Result "1/2-1/2"]
[WhiteElo "2500"]
[BlackElo "2555"]
[Annotator "Schwartzman,G"]
[PlyCount "71"]
[EventDate "1994.01.21"]
[EventType "tourn"]
[EventRounds "9"]
[EventCountry "NED"]
[EventCategory "9"]
[SourceTitle "CBM 040"]
[Source "ChessBase"]
[SourceDate "1994.06.01"]
[SourceVersion "1"]
[SourceVersionDate "1994.06.01"]
[SourceQuality "1"]

1. c4 c5 2. Nc3 Nc6 3. g3 g6 4. Bg2 Bg7 5. Nf3 d6 (5... Nh6 {56/53}) (5... e5 {
56/55,56}) 6. O-O Bd7 7. e3 $5 Nf6 (7... Bxc3 8. bxc3 f5 9. e4 $1 Nf6 10. exf5
Bxf5 11. d3 Qd7 12. Re1 Bh3 13. Bxh3 Qxh3 14. Ng5 Qf5 15. f4 h6 16. Ne6 $16 {
Karlsson,L-Larsen,B Nordic zt 1992}) 8. d4 a6 (8... O-O 9. b3 Qc8 10. Bb2 Bh3
11. Qe2 Bxg2 12. Kxg2 e6 13. d5 exd5 14. cxd5 Nb4 15. a3 Nbxd5 16. Nxd5 Nxd5
17. Bxg7 Kxg7 18. Rfd1 Nf6 19. Rxd6 Ne4 $10 {Legahn,D-Serper,G Krumbach 1991})
9. b3 Rb8 10. Bb2 O-O 11. Qe2 Bg4 $6 (11... cxd4 $142 12. exd4 Bg4 13. Qd2 {
+/=/=}) 12. dxc5 $1 dxc5 13. h3 Bf5 14. Rfd1 $14 Qc8 15. Kh2 Rd8 16. Nd5 Be4 $1
(16... Nxd5 $2 17. cxd5 Nb4 $2 (17... Bxb2 18. Qxb2 Nb4 19. Ne1 $16) 18. Bxg7
Kxg7 19. e4 Bd7 20. a3 $18) 17. Nxf6+ $8 Bxf6 18. Bxf6 exf6 19. Ne1 $1 {
/\Ne1-g2-f4-d5} Rxd1 20. Rxd1 Qe8 $1 21. Bxe4 Qxe4 22. Rd5 Qe7 23. Qd1 Rd8 24.
Nd3 Rxd5 25. cxd5 Nb8 26. Qd2 Qd6 $2 (26... b6 $142 $10) 27. e4 $1 b6 28. Nb2
$1 {><c4} b5 29. Qa5 {/\a2-a4+/-} f5 $1 $8 30. a4 $8 fxe4 31. axb5 Qxd5 $1 (
31... axb5 $2 32. Qxb5 Nd7 33. Qc6 $16) 32. bxa6 (32. Qc7 Nd7 33. bxa6 e3 $1
34. a7 $6 exf2 35. Qxd7 f1=N+ $1 (35... Qxd7 $2 36. a8=Q+ Kg7 37. Qf3 Qd2 38.
Nc4 Qc2 39. Kg2 $18) (35... f1=Q $2 36. Qxd5 Qf2+ 37. Qg2 $18) (35... Qh1+ 36.
Kxh1 f1=Q+ 37. Kh2 Qf2+ $10) 36. Kg1 Qxd7 37. a8=Q+ Kg7 38. Kxf1 Qf5+ $1 39.
Kg2 Qc2+ $17) 32... Qd4 33. Nd1 Nxa6 34. Qxa6 Qxd1 35. Qc8+ Kg7 36. Qxc5 (36.
Qxc5 Qxb3 37. Qe5+ Kf8 38. Qxe4 $10) 1/2-1/2

[Event "American Continental 1st"]
[Site "Cali"]
[Date "2001.08.14"]
[Round "5"]
[White "Sunye Neto, Jaime"]
[Black "Shabalov, Alexander"]
[Result "0-1"]
[WhiteElo "2558"]
[BlackElo "2574"]
[Annotator "Shabalov,A"]
[PlyCount "46"]
[EventDate "2001.08.09"]
[EventType "swiss"]
[EventRounds "11"]
[EventCountry "COL"]
[SourceTitle "CBM 083 Extra"]
[Source "ChessBase"]
[SourceDate "2001.09.11"]
[SourceVersion "1"]
[SourceVersionDate "2001.09.11"]
[SourceQuality "1"]

1. Nf3 g6 2. c4 Bg7 3. Nc3 c5 4. g3 Nc6 5. Bg2 e5 6. O-O Nge7 7. a3 O-O 8. Rb1
a5 9. d3 d6 10. Bd2 h6 11. Ne1 Bg4 $5 {Not a new move,but a surprisingly rare
one.} (11... Be6 12. Nd5 Rb8 13. Nxe7+ Nxe7 14. b4 axb4 {1/2-1/2 Romanishin,
O-Zvjaginsev,V/Ohrid MKD 2001/(14).}) 12. h3 {This opens a whole range of new
possibilities for black.But if white ignores this bishop,black may choose to
harbor it on h5.} (12. Nc2 f5 13. Ne3 Bh5) 12... Be6 13. Nd5 a4 14. e3 {
Played totally by analogy with 11...Be6 variation.However now the pawn is on
h3 and black has the following strong move at his disposal} b5 $1 15. Kh2 ({
Obviously black has an enormous compensation after} 15. Nxe7+ Nxe7 16. Bxa8
Qxa8 17. Kh2 bxc4 $17) ({Also bad is} 15. cxb5 Bxd5 16. Bxd5 Nxd5 17. bxc6 Qc8
$17) ({Probably the best reaction was} 15. b4 {which led to a pretty much the
same position as in the game.}) 15... Rb8 16. b4 axb3 17. Rxb3 bxc4 18. dxc4
Qc8 {Black queen aims for a6 where it will attack both white weaknesses a3 and
c4.} 19. Rxb8 Qxb8 20. Bc3 Qa7 21. Nc2 $2 {Based on the blunder followed.21.
Qc1 would avoid losing material for a few more moves.} Qa6 22. Qd3 $2 {This
one loses a piece.} Nxd5 23. Bxd5 e4 0-1